[Event "Arco op 40th"]
[Site "Arco"]
[Date "2018.10.18"]
[Round "6"]
[White "Thaler, Elmar"]
[Black "Cordara, Michele"]
[Result "1-0"]
[WhiteElo "1676"]
[BlackElo "1976"]
[PlyCount "73"]
[EventDate "2018.10.13"]
[EventType "swiss"]
[EventRounds "9"]
[EventCountry "ITA"]
[SourceTitle "CBM 186 Extra"]
[Source "ChessBase"]
[SourceDate "2018.08.24"]
[SourceVersion "1"]
[SourceVersionDate "2018.08.24"]
[SourceQuality "1"]

1. d4 Nf6 2. c4 e5 3. dxe5 Ng4 4. Bf4 Nc6 5. Nf3 Bb4+ 6. Nbd2 Qe7 7. e3 Ngxe5 8. Nxe5 Nxe5 9. Be2 b6 10. a3 Bxd2+ 11. Qxd2 Bb7 12. Qd4 f6 13. 0-0 0-0-0 14. b4 d6 15. a4 g5 16. Bg3 Nc6 17. Qb2 Qe4 18. a5 Nd4 19. Bg4+ f5 20. f3 Qxe3+ 21. Bf2 Ne2+ 22. Kh1 Qe6 23. Bxf5 Qxf5 24. Qxe2 Rde8 25. Qa2 g4 26. f4 Re6 27. axb6 axb6 28. Rae1 Rhe8 29. Qd2 h5 30. Rxe6 Rxe6 31. Qd4 Re4 32. Qh8+ Kd7 33. Bh4 Re2 34. b5 Qf7 35. Qd8+ Ke6 36. Qg5 Qf5 37. Qe7# 1-0

[Event "Arco op-A 39th"]
[Site "Arco"]
[Date "2017.10.11"]
[Round "5"]
[White "Cordara, Michele"]
[Black "Rocchetti, Marco"]
[Result "1/2-1/2"]
[WhiteElo "1990"]
[BlackElo "1814"]
[PlyCount "25"]
[EventDate "2017.10.07"]
[EventType "swiss"]
[EventRounds "9"]
[EventCountry "ITA"]
[SourceTitle "CBM 181 Extra"]
[Source "ChessBase"]
[SourceDate "2017.12.12"]
[SourceVersion "1"]
[SourceVersionDate "2017.12.12"]
[SourceQuality "1"]

1. c4 e5 2. g3 d6 3. Bg2 f5 4. d3 Nf6 5. Nc3 c6 6. e3 Be7 7. Nge2 0-0 8. 0-0 Be6 9. b3 Nbd7 10. Bb2 Qe8 11. d4 Bf7 12. dxe5 dxe5 13. Qc2 1/2-1/2

[Event "Arco op-A 39th"]
[Site "Arco"]
[Date "2017.10.08"]
[Round "2"]
[White "Sprotte, Norbert"]
[Black "Cordara, Michele"]
[Result "1-0"]
[WhiteElo "2154"]
[BlackElo "1990"]
[PlyCount "59"]
[EventDate "2017.10.07"]
[EventType "swiss"]
[EventRounds "9"]
[EventCountry "ITA"]
[SourceTitle "CBM 181 Extra"]
[Source "ChessBase"]
[SourceDate "2017.12.12"]
[SourceVersion "1"]
[SourceVersionDate "2017.12.12"]
[SourceQuality "1"]

1. d4 Nf6 2. Nf3 e6 3. e3 b6 4. Bd3 Ba6 5. c4 Be7 6. 0-0 d5 7. Ne5 dxc4 8. Nxc4 0-0 9. b3 c5 10. dxc5 Bxc5 11. Bb2 Bxc4 12. Bxc4 Qxd1 13. Rxd1 Nc6 14. Nc3 Rfd8 15. Bb5 Nb4 16. Rac1 Nfd5 17. Nxd5 Rxd5 18. a3 Bf8 19. Rxd5 Nxd5 20. Kf1 Rd8 21. Ke2 Bd6 22. g3 Ne7 23. Ba6 Kf8 24. e4 Bb8 25. f4 f6 26. Bc4 Nc6 27. Bxe6 Nd4+ 28. Bxd4 Rxd4 29. Bd5 Bd6 30. b4 1-0

[Event "Arvier Grand Paradis op-A 4th"]
[Site "Arvier"]
[Date "2017.08.04"]
[Round "6.6"]
[White "Cordara, Michele"]
[Black "Romagnoli, Franco"]
[Result "1/2-1/2"]
[WhiteElo "1973"]
[BlackElo "1994"]
[PlyCount "33"]
[EventDate "2017.07.30"]
[EventType "swiss"]
[EventRounds "7"]
[EventCountry "ITA"]
[SourceTitle "EXT 2023"]
[Source "ChessBase"]
[SourceDate "2022.10.05"]
[SourceVersion "1"]
[SourceVersionDate "2022.10.05"]
[SourceQuality "1"]

1. Nf3 Nf6 2. g3 c5 3. c4 d5 4. cxd5 Nxd5 5. Bg2 Nc6 6. Nc3 Nc7 7. d3 e5 8. 0-0 Be7 9. Nd2 Bd7 10. Nc4 f6 11. f4 exf4 12. Bxf4 Be6 13. Ne3 Bd6 14. Kh1 0-0 15. Ne4 Bxf4 16. gxf4 Nd5 17. Qc1 1/2-1/2

[Event "Vaujany op-A 7th"]
[Site "Vaujany"]
[Date "2016.07.23"]
[Round "8"]
[White "Drozdowski, Konrad"]
[Black "Cordara, Michele"]
[Result "1-0"]
[WhiteElo "2088"]
[BlackElo "1974"]
[PlyCount "69"]
[EventDate "2016.07.16"]
[EventType "swiss"]
[EventRounds "9"]
[EventCountry "FRA"]
[SourceTitle "EXT 2019"]
[Source "ChessBase"]
[SourceDate "2018.10.10"]
[SourceVersion "1"]
[SourceVersionDate "2018.10.10"]
[SourceQuality "1"]

1. e4 c5 2. Nf3 d6 3. d4 cxd4 4. Nxd4 Nf6 5. Nc3 a6 6. f4 Qc7 7. Bd3 g6 8. 0-0 Bg7 9. Kh1 Nc6 10. Nf3 0-0 11. Bd2 Bg4 12. Be3 e5 13. h3 exf4 14. Bxf4 Bxf3 15. Qxf3 Ne5 16. Bxe5 dxe5 17. Qe3 Rac8 18. Rf3 Qc5 19. Qxc5 Rxc5 20. Raf1 Rc6 21. g4 h6 22. Kg2 Rd8 23. Kg3 Rd7 24. a4 Rd4 25. Ra1 Rb4 26. Ra2 Rxc3 27. bxc3 Rb1 28. Ra3 h5 29. Rb3 Rc1 30. Rxb7 hxg4 31. hxg4 Rg1+ 32. Kh3 Rh1+ 33. Kg2 Rh4 34. Rb8+ Kh7 35. Rh3 1-0

[Event "Vaujany op-A 7th"]
[Site "Vaujany"]
[Date "2016.07.21"]
[Round "6"]
[White "Hodot, Yves"]
[Black "Cordara, Michele"]
[Result "0-1"]
[WhiteElo "1858"]
[BlackElo "1974"]
[PlyCount "78"]
[EventDate "2016.07.16"]
[EventType "swiss"]
[EventRounds "9"]
[EventCountry "FRA"]
[SourceTitle "EXT 2019"]
[Source "ChessBase"]
[SourceDate "2018.10.10"]
[SourceVersion "1"]
[SourceVersionDate "2018.10.10"]
[SourceQuality "1"]

1. e4 c5 2. b4 cxb4 3. c4 e5 4. f4 Bc5 5. a3 Nc6 6. axb4 Nxb4 7. Nf3 d6 8. Nc3 Nf6 9. d3 Bg4 10. Rb1 0-0 11. Na4 b6 12. Nxc5 dxc5 13. fxe5 Nh5 14. Be2 Bxf3 15. Bxf3 Nxd3+ 16. Kf1 Qd4 17. Qd2 f5 18. exf6 Nxf6 19. e5 Ng4 20. e6 Rae8 21. Qe2 Nge5 22. Be3 Qxc4 23. Kg1 Nxf3+ 24. gxf3 Ne5 25. Qxc4 Nxc4 26. Kf2 Nxe3 27. Kxe3 Rxe6+ 28. Kf2 Rd8 29. Rb2 a5 30. Rhb1 a4 31. Rxb6 Rd2+ 32. Kg3 Rxb6 33. Rxb6 a3 34. Ra6 a2 35. Kf4 c4 36. h4 c3 37. Ke3 Rh2 38. Ke4 c2 39. Kd3 c1Q 0-1

[Event "Dieppe op 11th"]
[Site "Dieppe"]
[Date "2015.08.25"]
[Round "5"]
[White "Billot, Daniel"]
[Black "Cordara, Michele"]
[Result "0-1"]
[WhiteElo "1736"]
[BlackElo "1982"]
[PlyCount "82"]
[EventDate "2015.08.22"]
[EventType "swiss"]
[EventRounds "9"]
[EventCountry "FRA"]
[SourceTitle "EXT 2018"]
[Source "ChessBase"]
[SourceDate "2017.10.13"]
[SourceVersion "1"]
[SourceVersionDate "2017.10.13"]
[SourceQuality "1"]

1. e4 c5 2. c3 Qc7 3. Nf3 d6 4. d4 e5 5. Be3 Nf6 6. Bd3 Nc6 7. Nbd2 Be7 8. Nf1 0-0 9. Ng3 Bg4 10. Rc1 cxd4 11. cxd4 Qa5+ 12. Qd2 Qxd2+ 13. Nxd2 exd4 14. Bf4 Ne5 15. Bb1 g6 16. Nb3 Nc6 17. Ne2 d5 18. e5 Bb4+ 19. Kf1 Bxe2+ 20. Kxe2 Rfe8 21. Kf3 Nh5 22. g3 a5 23. a3 a4 24. Nc5 Bxc5 25. Rxc5 Nxe5+ 26. Kg2 Nxf4+ 27. gxf4 Nc6 28. Rxd5 Ra5 29. Rxa5 Nxa5 30. Rd1 Nb3 31. Bd3 Rd8 32. Bb5 Nc5 33. Rc1 b6 34. Kf3 Kg7 35. Ke2 Kf6 36. Kf3 Kf5 37. Re1 h5 38. Re5+ Kf6 39. Ke2 d3+ 40. Kd2 Rd4 41. Re3 Ne4+ 0-1

[Event "Dieppe op 11th"]
[Site "Dieppe"]
[Date "2015.08.22"]
[Round "1"]
[White "Simon, Antoine"]
[Black "Cordara, Michele"]
[Result "1/2-1/2"]
[WhiteElo "1816"]
[BlackElo "1982"]
[PlyCount "67"]
[EventDate "2015.08.22"]
[EventType "swiss"]
[EventRounds "9"]
[EventCountry "FRA"]
[SourceTitle "EXT 2018"]
[Source "ChessBase"]
[SourceDate "2017.10.13"]
[SourceVersion "1"]
[SourceVersionDate "2017.10.13"]
[SourceQuality "1"]

1. d4 Nf6 2. c4 e5 3. dxe5 Ng4 4. Nf3 Bc5 5. e3 Nc6 6. Be2 0-0 7. 0-0 Re8 8. Bd2 a5 9. a3 Ngxe5 10. Bc3 Nxf3+ 11. Bxf3 Ne5 12. Be2 d6 13. Nd2 a4 14. Nf3 Bg4 15. Nxe5 Bxe2 16. Qxe2 dxe5 17. Rad1 Qe7 18. Rd5 f6 19. Rfd1 Red8 20. Qd2 Rd6 21. Bb4 Bxb4 22. axb4 Rad8 23. e4 Qe6 24. c5 Rxd5 25. exd5 Qg4 26. h3 Qc4 27. Qc3 Qe4 28. f3 Qe2 29. Qd2 Qxd2 30. Rxd2 b5 31. Kf2 Kf7 32. Ke3 f5 33. Rd3 Kf6 34. Rd1 1/2-1/2

[Event "Vaujany op-A 6th"]
[Site "Vaujany"]
[Date "2015.07.17"]
[Round "9"]
[White "Cordara, Michele"]
[Black "Vitalyos, Marton"]
[Result "0-1"]
[WhiteElo "1991"]
[BlackElo "2090"]
[PlyCount "68"]
[EventDate "2015.07.09"]
[EventType "swiss"]
[EventRounds "9"]
[EventCountry "FRA"]
[SourceTitle "EXT 2017"]
[Source "ChessBase"]
[SourceDate "2016.10.25"]
[SourceVersion "1"]
[SourceVersionDate "2016.10.25"]
[SourceQuality "1"]

1. c4 e5 2. g3 Nf6 3. Bg2 c6 4. b3 d5 5. Bb2 d4 6. Nf3 Qc7 7. 0-0 Be7 8. Qc2 c5 9. b4 cxb4 10. e3 d3 11. Qxd3 e4 12. Qe2 Bg4 13. h3 exf3 14. Bxf3 Bxf3 15. Qxf3 0-0 16. d4 Na6 17. Nd2 Qd7 18. Rfd1 h5 19. e4 Qxh3 20. e5 Ng4 21. Nf1 f5 22. Qd5+ Kh8 23. f4 h4 24. Qxb7 hxg3 25. Rd3 Bh4 26. Qg2 Nf2 27. Rf3 Qxg2+ 28. Kxg2 Ne4 29. Ne3 Kg8 30. Rh1 Bd8 31. Nf1 Rc8 32. c5 Naxc5 33. dxc5 Rxc5 34. Bd4 Rc2+ 0-1

[Event "Vaujany op-A 6th"]
[Site "Vaujany"]
[Date "2015.07.13"]
[Round "5"]
[White "Cordara, Michele"]
[Black "Arcusa, Michel"]
[Result "1/2-1/2"]
[WhiteElo "1991"]
[BlackElo "1869"]
[PlyCount "106"]
[EventDate "2015.07.09"]
[EventType "swiss"]
[EventRounds "9"]
[EventCountry "FRA"]
[SourceTitle "EXT 2018"]
[Source "ChessBase"]
[SourceDate "2017.10.13"]
[SourceVersion "1"]
[SourceVersionDate "2017.10.13"]
[SourceQuality "1"]

1. Nf3 Nf6 2. g3 g6 3. Bg2 Bg7 4. 0-0 0-0 5. c4 c5 6. Nc3 Nc6 7. d3 d6 8. a3 a6 9. Rb1 Rb8 10. b4 cxb4 11. axb4 b5 12. cxb5 axb5 13. Bg5 h6 14. Bd2 Qc7 15. Qc1 Kh7 16. Qa3 Bd7 17. Rfc1 Qd8 18. Rc2 Qb6 19. Be3 Qd8 20. h3 Ra8 21. Qc1 Rb8 22. Nd4 Nxd4 23. Bxd4 e6 24. Ne4 Nxe4 25. Bxg7 Kxg7 26. Bxe4 d5 27. Bg2 Rc8 28. Rxc8 Qxc8 29. Qb2+ f6 30. Rc1 Qb7 31. d4 Rc8 32. Rc5 Rxc5 33. dxc5 Qa8 34. e3 Bc6 35. Bf1 Qa4 36. Be2 Kf7 37. f4 Qa6 38. Kf2 Qa4 39. h4 Qa8 40. h5 g5 41. Qc2 Qg8 42. Bd3 Ke7 43. Qa2 Qb8 44. Qa1 e5 45. fxg5 fxg5 46. Qa6 Qf8+ 47. Ke2 Qe8 48. Bg6 Qd7 49. Qa1 d4 50. exd4 Qg4+ 51. Kd2 Qxg3 52. Qa7+ Bd7 53. dxe5 Qxe5 1/2-1/2

[Event "Biella op"]
[Site "Biella"]
[Date "2014.09.27"]
[Round "2"]
[White "Cordara, Michele"]
[Black "Ubezio, Marco"]
[Result "0-1"]
[WhiteElo "2017"]
[BlackElo "2100"]
[PlyCount "30"]
[EventDate "2014.09.26"]
[EventType "swiss"]
[EventRounds "5"]
[EventCountry "ITA"]
[SourceTitle "EXT 2016"]
[Source "ChessBase"]
[SourceDate "2015.10.08"]
[SourceVersion "1"]
[SourceVersionDate "2015.10.08"]
[SourceQuality "1"]

1. Nf3 d5 2. d4 Nf6 3. Bf4 c5 4. e3 Nc6 5. c3 Qb6 6. Qc1 Bf5 7. Nbd2 Rc8 8. Nh4 Bg6 9. Nxg6 hxg6 10. Nb3 cxd4 11. exd4 a5 12. Qb1 a4 13. Nd2 e5 14. dxe5 Ng4 15. Be2 Qxf2+ 0-1

[Event "Topusko op 3rd"]
[Site "Topusko"]
[Date "2014.08.12"]
[Round "6"]
[White "Cordara, Michele"]
[Black "Briata, Federico"]
[Result "1/2-1/2"]
[WhiteElo "1948"]
[BlackElo "2140"]
[PlyCount "28"]
[EventDate "2014.08.08"]
[EventType "swiss"]
[EventRounds "9"]
[EventCountry "CRO"]
[SourceTitle "CBM 162 Extra"]
[Source "ChessBase"]
[SourceDate "2014.10.17"]
[SourceVersion "1"]
[SourceVersionDate "2014.10.17"]
[SourceQuality "1"]

1. d4 Nf6 2. Bg5 d5 3. e3 e6 4. Nd2 h6 5. Bh4 Nbd7 6. Ngf3 c5 7. c3 Bd6 8. Bg3 Qc7 9. Be2 0-0 10. Bxd6 Qxd6 11. 0-0 e5 12. dxc5 Nxc5 13. Nc4 Qc7 14. Ncxe5 Re8 1/2-1/2

[Event "Topusko op 3rd"]
[Site "Topusko"]
[Date "2014.08.09"]
[Round "2"]
[White "Cordara, Michele"]
[Black "Bosnjak, Petar"]
[Result "1/2-1/2"]
[WhiteElo "1948"]
[BlackElo "2168"]
[PlyCount "67"]
[EventDate "2014.08.08"]
[EventType "swiss"]
[EventRounds "9"]
[EventCountry "CRO"]
[SourceTitle "CBM 162 Extra"]
[Source "ChessBase"]
[SourceDate "2014.10.17"]
[SourceVersion "1"]
[SourceVersionDate "2014.10.17"]
[SourceQuality "1"]

1. c4 e5 2. Nc3 Nf6 3. g3 d5 4. cxd5 Nxd5 5. Bg2 Nb6 6. Nf3 Nc6 7. d3 Be7 8. 0-0 0-0 9. Nd2 Be6 10. b3 f5 11. Nc4 Bf6 12. Ba3 Re8 13. Rc1 Qd7 14. Bc5 Nd5 15. Nxd5 Bxd5 16. Bxd5+ Qxd5 17. Ne3 Qd7 18. Qc2 Rad8 19. Ng2 Kh8 20. Be3 a6 21. Qd2 Qe7 22. Rxc6 bxc6 23. Rc1 Qd7 24. Qa5 f4 25. gxf4 exf4 26. Nxf4 Be5 27. Rc4 Qg4+ 28. Kf1 Bd6 29. h3 Qd7 30. Qh5 Bxf4 31. Rxf4 Rf8 32. Rh4 Qf5 33. Qxf5 Rxf5 34. Ra4 1/2-1/2

[Event "Topusko op 3rd"]
[Site "Topusko"]
[Date "2014.08.09"]
[Round "3"]
[White "Yao, Stefano"]
[Black "Cordara, Michele"]
[Result "1/2-1/2"]
[WhiteElo "2185"]
[BlackElo "1948"]
[PlyCount "118"]
[EventDate "2014.08.08"]
[EventType "swiss"]
[EventRounds "9"]
[EventCountry "CRO"]
[SourceTitle "CBM 162 Extra"]
[Source "ChessBase"]
[SourceDate "2014.10.17"]
[SourceVersion "1"]
[SourceVersionDate "2014.10.17"]
[SourceQuality "1"]

1. d4 c5 2. dxc5 Na6 3. g3 Nxc5 4. Bg2 Nf6 5. c4 g6 6. b3 Bg7 7. Bb2 0-0 8. Nf3 d5 9. cxd5 Qxd5 10. Nc3 Qh5 11. h3 Nce4 12. Nxe4 Nxe4 13. Bxg7 Kxg7 14. Qd4+ Nf6 15. g4 Qd5 16. 0-0 Qxd4 17. Nxd4 Rb8 18. Rac1 a6 19. Rc7 Rd8 20. e3 Kf8 21. Rfc1 Ne8 22. R7c5 Bd7 23. b4 Rdc8 24. Nb3 b6 25. Rxc8 Rxc8 26. Rxc8 Bxc8 27. Nd4 Nd6 28. Kf1 Ke8 29. Ke2 Bb7 30. Bxb7 Nxb7 31. Kd3 Kd7 32. f4 Nd8 33. Kc4 Kd6 34. Nf3 f6 35. Nd2 Kc6 36. Ne4 Ne6 37. h4 Nc7 38. Nc3 Ne6 39. a4 Nc7 40. b5+ axb5+ 41. axb5+ Kd6 42. e4 e6 43. Na4 Na8 44. g5 fxg5 45. hxg5 Ke7 46. Kd4 Nc7 47. Kc4 Na8 48. Nb2 Kf7 49. Nd3 Kg7 50. Ne5 h5 51. gxh6+ Kxh6 52. Nf7+ Kh5 53. Nd6 g5 54. fxg5 Kg6 55. Kd4 Kxg5 56. Ne8 Kf4 57. e5 Kf3 58. Kd3 Kf4 59. Kd4 Kf3 1/2-1/2

[Event "Biella op-A 4th"]
[Site "Biella"]
[Date "2013.09.28"]
[Round "2"]
[White "Barlocco, Carlo"]
[Black "Cordara, Michele"]
[Result "0-1"]
[WhiteElo "2093"]
[BlackElo "1999"]
[PlyCount "132"]
[EventDate "2013.09.27"]
[EventType "swiss"]
[EventRounds "5"]
[EventCountry "ITA"]
[SourceTitle "CBM 156 Extra"]
[Source "ChessBase"]
[SourceDate "2013.10.22"]
[SourceVersion "1"]
[SourceVersionDate "2013.10.22"]
[SourceQuality "1"]

1. d4 d5 2. Nf3 Nf6 3. c3 c6 4. Bf4 Qb6 5. Qb3 Nbd7 6. h3 g6 7. Nbd2 Bg7 8. e3 0-0 9. Bd3 Re8 10. Bh2 a5 11. 0-0 a4 12. Qa3 Qa7 13. c4 dxc4 14. Nxc4 Nb6 15. b4 Nxc4 16. Bxc4 Ne4 17. Bd3 Nd6 18. Rab1 Nb5 19. Bxb5 cxb5 20. Rfc1 Bf5 21. Ra1 Rac8 22. Be5 Bf8 23. Rxc8 Rxc8 24. Rc1 Rxc1+ 25. Qxc1 a3 26. Nd2 Be6 27. Nb1 Bxa2 28. Nxa3 Qa4 29. Qb2 Bd5 30. f3 e6 31. e4 Bc6 32. Nc2 Be7 33. Qc3 Qa2 34. Bc7 Qc4 35. Qd2 Bxe4 36. fxe4 Qxc7 37. d5 exd5 38. exd5 Qe5 39. Ne1 Bd6 40. Nf3 Qa1+ 41. Kf2 Qb1 42. Ng5 Bxb4 43. Qf4 Qa2+ 44. Kf1 Qxd5 45. Ne4 Qc4+ 46. Kg1 Bc5+ 47. Kh1 Qd4 48. Kh2 Bd6 49. Qxd6 Qxe4 50. g4 b4 51. g5 Qe2+ 52. Kg1 Qe3+ 53. Kh1 Qc3 54. Kh2 b3 55. Qb6 b2 56. h4 Kg7 57. h5 gxh5 58. Qh6+ Kg8 59. Qb6 h4 60. Qd8+ Kg7 61. Qb6 Qg3+ 62. Kh1 Qe5 63. Qh6+ Kg8 64. Qb6 h3 65. Qxb7 Qe1+ 66. Kh2 b1Q 0-1

[Event "Biella op-A 4th"]
[Site "Biella"]
[Date "2013.09.27"]
[Round "1"]
[White "Cordara, Michele"]
[Black "Angelini, Marco"]
[Result "0-1"]
[WhiteElo "1999"]
[BlackElo "2267"]
[PlyCount "82"]
[EventDate "2013.09.27"]
[EventType "swiss"]
[EventRounds "5"]
[EventCountry "ITA"]
[SourceTitle "CBM 156 Extra"]
[Source "ChessBase"]
[SourceDate "2013.10.22"]
[SourceVersion "1"]
[SourceVersionDate "2013.10.22"]
[SourceQuality "1"]

1. Nf3 Nf6 2. d4 g6 3. Bf4 Bg7 4. e3 0-0 5. h4 h5 6. Bd3 d6 7. c3 Nbd7 8. Qc2 Qe8 9. Nbd2 e5 10. Bg5 b6 11. 0-0-0 Bb7 12. Bxf6 Nxf6 13. dxe5 dxe5 14. Ne4 Ng4 15. Nfg5 a6 16. Rhe1 Qe7 17. f3 Nf6 18. Nxf6+ Bxf6 19. Bxg6 fxg6 20. Qxg6+ Qg7 21. Qxh5 Bxg5 22. hxg5 Rf5 23. Rh1 Rxg5 24. Qh3 Rxg2 25. Qe6+ Kf8 26. Rd7 Rg1+ 27. Rxg1 Qxg1+ 28. Kc2 Qg2+ 29. Kb3 Qg8 30. Qxg8+ Kxg8 31. Rxc7 Bxf3 32. Re7 e4 33. Rb7 b5 34. Kb4 Rd8 35. Rb6 Rd2 36. Rxa6 Rxb2+ 37. Kc5 Re2 38. a4 bxa4 39. Rxa4 Rxe3 40. c4 Rd3 41. Ra7 e3 0-1

[Event "Condino op 13th"]
[Site "Condino"]
[Date "2013.07.21"]
[Round "1"]
[White "Busso, Giovanni"]
[Black "Cordara, Michele"]
[Result "0-1"]
[WhiteElo "1518"]
[BlackElo "2017"]
[PlyCount "50"]
[EventDate "2013.07.21"]
[EventType "swiss"]
[EventRounds "7"]
[EventCountry "ITA"]
[SourceTitle "EXT 2015"]
[Source "ChessBase"]
[SourceDate "2014.11.20"]
[SourceVersion "1"]
[SourceVersionDate "2014.11.20"]
[SourceQuality "1"]

1. e4 c5 2. Nf3 d6 3. d4 cxd4 4. Nxd4 Nf6 5. Nc3 a6 6. Be2 e5 7. Nf3 Be6 8. 0-0 Nbd7 9. Ng5 Rc8 10. Nxe6 fxe6 11. Bg4 Nc5 12. Bg5 Rc6 13. Qe2 Be7 14. Bxf6 Bxf6 15. a3 Qe7 16. Rad1 0-0 17. b4 Nd7 18. Qd3 Rfc8 19. Na4 Nf8 20. c4 b5 21. cxb5 axb5 22. Qxb5 Qa7 23. Be2 Ng6 24. g3 Ne7 25. Rd3 Rb8 0-1

[Event "Acqui Terme op 2nd"]
[Site "Acqui Terme"]
[Date "2013.07.09"]
[Round "4"]
[White "Cordara, Michele"]
[Black "Mollero, Michele"]
[Result "0-1"]
[WhiteElo "1989"]
[BlackElo "2230"]
[PlyCount "48"]
[EventDate "2013.07.07"]
[EventType "swiss"]
[EventRounds "9"]
[EventCountry "ITA"]
[SourceTitle "EXT 2014"]
[Source "ChessBase"]
[SourceDate "2013.11.20"]
[SourceVersion "1"]
[SourceVersionDate "2013.11.20"]
[SourceQuality "1"]

1. Nf3 Nf6 2. c4 c6 3. b3 d5 4. Bb2 Bf5 5. g3 e6 6. Bg2 Bc5 7. 0-0 0-0 8. d3 h6 9. a3 a5 10. Nbd2 Nbd7 11. Ne1 Qe7 12. h3 e5 13. e4 dxe4 14. dxe4 Bg6 15. Nd3 Rfd8 16. Qe2 Qd6 17. Nf3 Nxe4 18. Nfxe5 Nxg3 19. Qg4 Nxe5 20. Bxe5 Qxd3 21. Qxg3 Qxg3 22. Bxg3 Rd3 23. b4 Rxg3 24. bxc5 Rg5 0-1

[Event "Dieppe op-A 8th"]
[Site "Dieppe"]
[Date "2012.08.28"]
[Round "4"]
[White "Dupont, Arthur"]
[Black "Cordara, Michele"]
[Result "1/2-1/2"]
[WhiteElo "1850"]
[BlackElo "2017"]
[PlyCount "49"]
[EventDate "2012.08.26"]
[EventType "swiss"]
[EventRounds "9"]
[EventCountry "FRA"]
[SourceTitle "EXT 2018"]
[Source "ChessBase"]
[SourceDate "2017.10.13"]
[SourceVersion "1"]
[SourceVersionDate "2017.10.13"]
[SourceQuality "1"]

1. d4 Nf6 2. c4 e6 3. Nc3 d5 4. Nf3 Be7 5. Bf4 c6 6. e3 Nbd7 7. h3 Qa5 8. Qc2 0-0 9. Bh2 dxc4 10. Bxc4 b5 11. Bb3 c5 12. Qd2 Bb7 13. 0-0 Qb6 14. Ne5 Nxe5 15. Bxe5 b4 16. Ne2 c4 17. Bc2 Nd7 18. Bh2 Rfd8 19. Rfd1 Nf6 20. Qe1 a5 21. f3 Nd5 22. Nf4 a4 23. Nxd5 exd5 24. b3 axb3 25. axb3 1/2-1/2

[Event "Dieppe op-A 8th"]
[Site "Dieppe"]
[Date "2012.08.26"]
[Round "1"]
[White "Steimle, Andre"]
[Black "Cordara, Michele"]
[Result "1/2-1/2"]
[WhiteElo "1751"]
[BlackElo "2017"]
[PlyCount "49"]
[EventDate "2012.08.26"]
[EventType "swiss"]
[EventRounds "9"]
[EventCountry "FRA"]
[SourceTitle "EXT 2018"]
[Source "ChessBase"]
[SourceDate "2017.10.13"]
[SourceVersion "1"]
[SourceVersionDate "2017.10.13"]
[SourceQuality "1"]

1. e4 e6 2. d4 d5 3. Nd2 dxe4 4. Nxe4 Be7 5. Be3 Nf6 6. Bd3 Nbd7 7. Nf3 Nxe4 8. Bxe4 Nf6 9. Bd3 0-0 10. 0-0 b6 11. Qe2 Bb7 12. Rad1 Qc8 13. Ne5 c5 14. dxc5 bxc5 15. Bg5 Qc7 16. Bxf6 Bxf6 17. Nd7 Bxb2 18. Nxf8 Rxf8 19. Be4 Bxe4 20. Qxe4 Qa5 21. Qc4 Bd4 22. Rd3 g6 23. c3 Bg7 24. Rb1 Qa3 25. g3 1/2-1/2

[Event "Torino-ch 36th"]
[Site "Torino"]
[Date "2011.11.21"]
[Round "3"]
[White "Cordara, Michele"]
[Black "Ravazzolo, Gaia"]
[Result "1-0"]
[WhiteElo "2075"]
[BlackElo "1738"]
[PlyCount "89"]
[EventDate "2011.11.07"]
[EventType "swiss"]
[EventRounds "7"]
[EventCountry "ITA"]
[SourceTitle "EXT 2015"]
[Source "ChessBase"]
[SourceDate "2014.11.20"]
[SourceVersion "1"]
[SourceVersionDate "2014.11.20"]
[SourceQuality "1"]

1. Nf3 d5 2. b3 Bf5 3. Bb2 Nd7 4. g3 Ngf6 5. Bg2 c6 6. d3 Qc7 7. 0-0 e5 8. c4 d4 9. a3 a5 10. e4 Bg4 11. Qc2 Bd6 12. Nbd2 0-0 13. h3 Be6 14. Ng5 Rac8 15. Nxe6 fxe6 16. h4 Qd8 17. Bh3 Qe7 18. Nf3 Ne8 19. Qe2 Nc7 20. Nh2 Qf7 21. Bc1 Qg6 22. Bd2 b6 23. b4 a4 24. c5 bxc5 25. bxc5 Bxc5 26. Rfc1 Nb5 27. h5 Qf6 28. Ng4 Qe7 29. Rxc5 Nxc5 30. Bb4 Nc7 31. Nxe5 N7a6 32. Qg4 Rf6 33. f4 Qe8 34. Qd1 Nb3 35. Ra2 Nxb4 36. axb4 Ra8 37. Bg4 Qc8 38. Qc2 c5 39. b5 Rf8 40. Qc4 Re8 41. Rxa4 Na5 42. Qa2 Nb7 43. Bxe6+ Qxe6 44. Qxe6+ Rxe6 45. Rxa8+ 1-0

[Event "Bratto op 30th"]
[Site "Bratto"]
[Date "2010.08.20"]
[Round "1"]
[White "Cordara, Michele"]
[Black "Rombaldoni, Axel"]
[Result "0-1"]
[WhiteElo "2091"]
[BlackElo "2448"]
[PlyCount "64"]
[EventDate "2010.08.20"]
[EventType "swiss"]
[EventRounds "9"]
[EventCountry "ITA"]
[SourceTitle "CBM 138 Extra"]
[Source "ChessBase"]
[SourceDate "2010.10.29"]
[SourceVersion "1"]
[SourceVersionDate "2010.10.29"]
[SourceQuality "1"]

1. c4 e5 2. g3 Nf6 3. Bg2 d5 4. cxd5 Nxd5 5. Nc3 Ne7 6. Nf3 Nbc6 7. b4 a6 8. Bb2 g6 9. a3 Bg7 10. Qc2 0-0 11. 0-0 Nf5 12. e3 Nd6 13. d4 exd4 14. Nxd4 Nxd4 15. exd4 Bf5 16. Ne4 Re8 17. Rfe1 c6 18. Rad1 Nxe4 19. Bxe4 Rxe4 20. Rxe4 Bxe4 21. Qxe4 Qd7 22. Re1 Kf8 23. Qh4 h5 24. Bc1 Bxd4 25. Bh6+ Kg8 26. Re7 Qd5 27. Rxb7 c5 28. Qe7 Qf3 29. Be3 Bxe3 30. fxe3 cxb4 31. Rxb4 Rc8 32. Rb1 Rc2 0-1

[Event "Isola d'Elba op 27th"]
[Site "Capoliveri"]
[Date "2009.05.??"]
[Round "7"]
[White "Cordara, Michele"]
[Black "Codenotti, Marco"]
[Result "1/2-1/2"]
[WhiteElo "2093"]
[BlackElo "2035"]
[PlyCount "51"]
[EventDate "2009.05.10"]
[EventType "swiss"]
[EventRounds "9"]
[EventCountry "ITA"]
[SourceTitle "EXT 2011"]
[Source "ChessBase"]
[SourceDate "2010.11.26"]
[SourceVersion "1"]
[SourceVersionDate "2010.11.26"]
[SourceQuality "1"]

1. Nf3 Nf6 2. d4 g6 3. Bf4 Bg7 4. e3 0-0 5. Be2 d6 6. h3 Nc6 7. 0-0 Nd7 8. c4 e5 9. dxe5 dxe5 10. Bg3 f5 11. Bh4 Qe8 12. Nc3 e4 13. Nd4 Nxd4 14. exd4 c6 15. Re1 h6 16. Bg3 Qf7 17. Bd6 Re8 18. d5 Ne5 19. Qd2 g5 20. Rad1 Qg6 21. c5 g4 22. hxg4 fxg4 23. Bxe5 Rxe5 24. dxc6 bxc6 25. Qd8+ Re8 26. Bc4+ 1/2-1/2

[Event "Isola d'Elba op 27th"]
[Site "Capoliveri"]
[Date "2009.05.??"]
[Round "6"]
[White "Cordara, Michele"]
[Black "Evangelisti, Claudio"]
[Result "1/2-1/2"]
[WhiteElo "2093"]
[BlackElo "2260"]
[PlyCount "23"]
[EventDate "2009.05.10"]
[EventType "swiss"]
[EventRounds "9"]
[EventCountry "ITA"]
[SourceTitle "EXT 2011"]
[Source "ChessBase"]
[SourceDate "2010.11.26"]
[SourceVersion "1"]
[SourceVersionDate "2010.11.26"]
[SourceQuality "1"]

1. Nf3 Nf6 2. c4 e6 3. g3 d5 4. Bg2 c5 5. 0-0 Be7 6. d3 0-0 7. Nc3 Nc6 8. e4 b6 9. exd5 exd5 10. Nxd5 Nxd5 11. cxd5 Nb4 12. d4 1/2-1/2